| 000 | 00619nam a2200169 a 4500 | ||
|---|---|---|---|
| 001 | 000045598 | ||
| 005 | 20201002052334.0 | ||
| 008 | 150416s2002 dr 000 0 spa d | ||
| 020 | _a0965012816 | ||
| 040 |
_aDO-SdBNP _bspa _cBNPHU |
||
| 082 |
_axxxx _bxxxx |
||
| 100 | 1 |
_aNatal Maldonado, Arcadio _973664 |
|
| 245 | 1 | 0 |
_aQuerida Mary B. : _b¡Ahora puedo decir lo que te hizo la alianza! / _cRev. Arcadio Natal Maldonado. |
| 260 |
_aSanto Domingo : _bEditorial Kelsus, _bManatí, P. R., _c2002. |
||
| 300 |
_a242 p. : _bil., retrs., facsims. ; _c23 cm. |
||
| 500 | _aPerteneció a la biblioteca personal de Erick Landestoy. | ||
| 999 |
_c45087 _d45087 |
||